| 000 | 01366nam a2200349 c 4500 | ||
|---|---|---|---|
| 999 |
_c161153 _d161153 |
||
| 003 | BLK | ||
| 005 | 20240731130353.0 | ||
| 008 | 180410b bul|||||r ||||||| ||bul|| | ||
| 010 | _aKNG00168459000 | ||
| 040 | _aBLK | ||
| 041 |
_aBUL _cBUL |
||
| 072 | 7 |
_2bullib _aК _xКраезнание |
|
| 080 |
_aБългарска литература _b821.163.2 _x-1 _z821.163.2-1 |
||
| 100 |
_aСпасов, Павел Христов _d1905-1980 _gБългарски писател, публицист, драматург. Роден в Русе _9431378 |
||
| 139 |
_aСпасов, Павел Христов _bС 55 |
||
| 245 | 1 | 0 |
_aОгледало _bВтора кн. стихове _cПавел Христов Спасов. |
| 257 | _aBGR | ||
| 260 |
_bПерун _c1943 _fСкопие : печ. Бълг. дело |
||
| 300 |
_a78 с. _b1 л. ск. _c20 см |
||
| 380 | _aX | ||
| 500 | _aПървата книга стихове на авт. е със загл. Репортажи, 1939. - 1500 тир. | ||
| 659 | _aК | ||
| 852 | _aЦб х.190.23260 | ||
| 852 | _aК 821.163.2/С 55 П | ||
| 856 | 4 | _qpdf | |
| 856 | 4 | _qpdf | |
| 942 |
_cKNG _n0 _s1 |
||
| 944 |
_aCR _c05.12.2014 _lКети Илиева _k30550 |
||
| 944 |
_aED _c05.12.2014 _l05.12.2014 - от С1,Р / 05.12.2014 |
||
| 999 | _d161153 | ||
| 999 | _d161153 | ||